000 01291nam a2200385 c 4500
001 52608
003 ES-MaCES
005 20250203134106.0
008 221219s2022 sp f 000 | spa d
017 _aB 9501-2022
_bDL
020 _a9788434435438
040 _aES-MaCES
_bspa
_cES-MaCES
041 1 _aspa
_heng
100 1 _940569
_aSánchez Ancochea, Diego
245 1 3 _aEl coste de la desigualdad
_b: lecciones y advertencias de América Latina para el mundo
_cDiego Sánchez Ancochea ; trad. de Joan Andreano Weyland
250 _a1ª ed.
260 _aBarcelona
_bAriel
_c2022
300 _a308 p.
_c23 cm
500 _aTraducción de: The cost inequality in Latin America
541 _cCompra
650 4 _adesarrollo económico
_927093
650 4 _adesigualdad económica
_929371
650 4 _adesigualdad social
_930789
650 4 _ariqueza
_929375
650 4 _aexclusión social
_930629
650 4 _aconflicto social
_927307
650 4 _aproblema político
_927244
650 4 _aredistribución del ingreso
_927110
650 4 _aAmérica Latina
_926882
653 1 0 _aCiencias Sociales-Políticas
700 1 _940573
_aAndreano Weyland, Joan
_etr.
740 4 2 _aThe cost inequality in Latin America
902 _aLIB Libro
942 _2CES
_cBK
_h7.0.
999 _c52608
_d52608